| 000 | 00736nam a22002417a 4500 | ||
|---|---|---|---|
| 005 | 20170124110232.0 | ||
| 010 | _aA-947563 | ||
| 020 |
_c210.00 _a9788173711305 |
||
| 035 | _aA-947563 | ||
| 037 | _bCen Lib/Ret | ||
| 040 |
_aDPL _bEN |
||
| 082 |
_a509.2 _bJOH |
||
| 100 |
_aJohn _933228 |
||
| 245 |
_aRichard Feynman : _cby John [and] Mary Gribbin _ba life in science |
||
| 260 |
_aHyedrabad _bUniversities Press _c1998 |
||
| 270 |
_a3-5-819, Hyderguda _bHyedrabad _e500029 |
||
| 300 |
_axvii,301p. : _c22cm(Hb) _bill. |
||
| 500 | _aIncludes bibliographical reference and index | ||
| 650 |
_aPhysicists _9118408 |
||
| 650 |
_aPhysics _9118409 |
||
| 700 |
_a Gribbin, Mary _920705 |
||
| 942 |
_2ddc _cEN _h509.2 _mJOH |
||
| 999 |
_c134709 _d134709 |
||